Country Puzzle - USA (with Map!) - Statistics

General Stats
  • This quiz has been taken 5,336 times
  • The average score is 20 of 33
Answers on the Map
Answers color-coded by a green-red scale on the quiz's map according to % correct below.
 
Answer Stats
Number Population Cities % Correct
B7 23,793,000 New York, Philadelphia
97%
C1 15,432,000 Los Angeles, San Francisco
93%
B5 11,259,000 Chicago, Minneapolis
88%
A1 4,909,000 Seattle, Portland
88%
D4 5,984,000 Dallas, Oklahoma City
84%
E7 5,878,000 Miami, Port St. Lucie
83%
D6 5,580,000 Atlanta, Jacksonville
81%
E4 6,692,000 Houston, San Antonio
81%
C2 1,958,000 Las Vegas, Flagstaff
80%
C7 6,791,000 Washington, Baltimore
79%
B6 5,515,000 Detroit, Cleveland
77%
D2 4,472,000 Phoenix, Tucson
76%
C3 2,933,000 Denver, Colorado Springs
75%
E6 3,953,000 Tampa, Orlando
75%
E5 1,494,000 New Orleans, Baton Rouge
69%
C5 3,638,000 Indianapolis, St. Louis
68%
D3 1,544,000 El Paso, Albuquerque
64%
C4 2,174,000 Kansas City, Tulsa
64%
D5 1,809,000 Memphis, Birmingham
57%
D1 4,890,000 San Diego, Riverside
57%
C6 2,993,000 Columbus, Cincinnati
54%
B2 1,567,000 Salt Lake City, Ogden
53%
B4 1,175,000 Omaha, Des Moines
50%
B1 2,116,000 Sacramento, Reno
50%
A4 259,000 Fargo, Bismarck
49%
B3 155,000 Rapid City, Cheyenne
43%
A3 180,000 Billings, Great Falls
32%
A2 486,000 Spokane, Coeur d‘Alene
31%
A5 187,000 Duluth, Marquette
25%
A7 170,000 Burlington, Bangor
23%
D7 238,000 Wilmington, Leland
9%
A6 15,000 Sault Ste. Marie, De Tour Village
7%
E3 46,000 Del Rio, Alpine
5%
No matching quizzes found
Score Distribution
Percent of People with Each Score
Percentile by Number Answered
Your Score History
You have not taken this quiz